German gender quiz (medium) - Statistics

General Stats
  • This quiz has been taken 75 times
  • The average score is 19 of 20
Answer Stats
Hint Answer % Correct
The window (Fenster) Das
100%
The computer (Computer) Der
100%
The door (Tür) Die
100%
The bee (Biene) Die
100%
The suitcase (Koffer) Der
98%
The bottle (Flasche) Die
98%
The cushion (Kissen) Das
97%
The mobile phone (Handy) Das
97%
The eraser (Radiergummi) Der
97%
The umbrella (Regenschirm) Der
97%
The scarf (Schal) Der
93%
The lawyer (Rechtsanwalt) (Masculine) Der
93%
The tiger (Tiger) Der
93%
The monkey (Affe) Der
93%
The flower (Blume) Die
93%
The salt (Salz) Das
91%
The ambulance (Krankenwagen) Der
91%
The sock (Socke) Die
91%
The bathroom (Bad) Das
90%
The pineapple (Ananas) Die
90%
No matching quizzes found
Score Distribution
Percent of People with Each Score
Percentile by Number Answered
Your Score History
You have not taken this quiz